Formula 1 Tracks - Statistics

General Stats
  • This quiz has been taken 107 times
  • The average score is 18 of 21
Answer Stats
Answer % Correct
Italy
93%
Australia
92%
Brazil
92%
Spain
92%
Mexico
90%
Monaco
90%
USA
90%
Bahrain
89%
France
89%
Japan
89%
Canada
88%
Belgium
87%
Austria
86%
China
86%
Singapore
86%
Germany
84%
Russia
82%
Hungary
80%
UAE
80%
Azerbaijan
77%
Great Britain
44%
No matching quizzes found
Score Distribution
Percent of People with Each Score
Percentile by Number Answered
Your Score History
You have not taken this quiz